The new and improved practical builder and workman's companion (Record no. 114000)
[ view plain ]
| 000 -LEADER | |
|---|---|
| fixed length control field | 01045cam a22001935a 4500 |
| 001 - CONTROL NUMBER | |
| control field | L156042 |
| 008 - FIXED-LENGTH DATA ELEMENTS--GENERAL INFORMATION | |
| fixed length control field | 120426s1838 xxk f 000 0 eng d |
| 035 ## - SYSTEM CONTROL NUMBER | |
| System control number | (Sirsi) u156042 |
| 041 0# - LANGUAGE CODE | |
| Language code of text/sound track or separate title | eng |
| 100 1# - MAIN ENTRY--PERSONAL NAME | |
| Personal name | Nicholson, Peter |
| Dates associated with a name | 1765-1844 |
| 245 04 - TITLE STATEMENT | |
| Title | The new and improved practical builder and workman's companion |
| Remainder of title | exhibiting a full display and elucidation of the most recent and skilful methods pursued by architects and artificiers, in all the various departments of building, in three volumes |
| 260 ## - PUBLICATION, DISTRIBUTION, ETC. | |
| Place of publication, distribution, etc. | London |
| Name of publisher, distributor, etc. | Thomas Kelly |
| Date of publication, distribution, etc. | M.DCCC.XXXVIII. [1838] |
| 300 ## - PHYSICAL DESCRIPTION | |
| Extent | 3v. |
| Other physical details | plates |
| Dimensions | 4o |
| 505 2# - FORMATTED CONTENTS NOTE | |
| Formatted contents note | Vol. I: geometry, carpentry, joinery and cabinet-making -- Vol. II: masonry, bricklaying, plastering, slating, painting, glazing, & plumbing -- Vol. III: theory and practice of the five orders, gothic architecture, perspective, projection, fractions, decimal arithmetic, &c. |
| 583 ## - ACTION NOTE | |
| Action | Condition reviewed |
| Time/date of action | 20120620 |
| Status | condition level 1, 1 and 1 |
| 651 #4 - SUBJECT ADDED ENTRY--GEOGRAPHIC NAME | |
| Geographic name | Great Britain |
| Chronological subdivision | 1707- |
| 690 ## - LOCAL SUBJECT ADDED ENTRY--TOPICAL TERM (OCLC, RLIN) | |
| Topical term or geographic name as entry element | Construction management |
| 9 (RLIN) | 6230 |
| 942 ## - ADDED ENTRY ELEMENTS (KOHA) | |
| Suppress in OPAC | 0 |
| Withdrawn status | Lost status | Source of classification or shelving scheme | Damaged status | Not for loan | Home library | Current library | Shelving location | Date acquired | Total Checkouts | Full call number | Barcode | Date last seen | Copy number | Price effective from | Koha item type |
|---|---|---|---|---|---|---|---|---|---|---|---|---|---|---|---|
| Dewey Decimal Classification | Historic collection | Historic collection | Historic collection | 26/04/2012 | QUARTO 1838 NICHOLSON VOL 1 | 30075879 | 06/08/2019 | 1 | 06/08/2019 | Book | |||||
| Dewey Decimal Classification | Historic collection | Historic collection | Historic collection | 25/07/2012 | QUARTO 1838 NICHOLSON VOL 2 | 30075875 | 06/08/2019 | 1 | 06/08/2019 | Book | |||||
| Dewey Decimal Classification | Historic collection | Historic collection | Historic collection | 25/07/2012 | QUARTO 1838 NICHOLSON VOL 3 | 30075871 | 06/08/2019 | 1 | 06/08/2019 | Book |